[Acts of Congress affecting D.C., passed at 3rd session of 53rd Congress, Dec. 3, 1894 to Mar. 3, 1895, text].

Bibliographic Details
Corporate Author: District of Columbia. Board of Commissioners
Format: Government Document eBook
Language:English
Published: [Washington] : [publisher not identified], 1895.
Subjects:
Online Access:Connect to the full text of this electronic document

MARC

Tag First Indicator Second Indicator Subfields
LEADER 00000cam a22000001a 4500
001 in00003661149
005 20190408172222.0
006 m o d f
007 cr bn mmmapmmp
008 141205s1895 dcu o f001 0 eng d
035 |a ebd1909406201 
040 |a UMI  |c UMI  |d UtOrBLW 
086 0 |a DC 1.5:53rd Cong./3d sess 
099 |a DC105-11.2 
110 1 |a District of Columbia.  |b Board of Commissioners.  |0 http://id.loc.gov/authorities/names/n79110363 
245 1 0 |a [Acts of Congress affecting D.C., passed at 3rd session of 53rd Congress, Dec. 3, 1894 to Mar. 3, 1895, text]. 
264 1 |a [Washington] :  |b [publisher not identified],  |c 1895. 
300 |a 1 online resource (299 pages) 
336 |a text  |b txt  |2 rdacontent 
337 |a computer  |b c  |2 rdamedia 
338 |a online resource  |b cr  |2 rdacarrier 
500 |a Includes index. 
500 |a Microfiche Note: Documents are complete as filmed. Handwritten page numbers on documents do not always accurately reflect actual content. 
500 |a Series of sessional compilations of slip laws containing references to D.C. All compilations include index. 
533 |a Electronic reproduction.  |b [Bethesda, Md.] :  |c ProQuest,  |d 2014.  |e digital, PDF file.  |n ProQuest U.S. Executive Branch Documents  |n Mode of access: World Wide Web via ProQuest website. 
588 |a Record is based on online resource; title from PDF title page (ProQuest, last viewed Dec. 2014). Reuse except for individual research requires license from ProQuest, LLC. 
500 |a Electronic resource. 
650 0 |a Expenditures, Public.  |0 http://id.loc.gov/authorities/subjects/sh85046427 
650 0 |a Municipal bonds.  |0 http://id.loc.gov/authorities/subjects/sh85088435 
650 0 |a Public health.  |0 http://id.loc.gov/authorities/subjects/sh85108638 
650 0 |a Urban transportation.  |0 http://id.loc.gov/authorities/subjects/sh85141331 
655 7 |a Electronic books.  |2 local 
856 4 0 |u http://proxy.library.tamu.edu/login?url=http://congressional.proquest.com/congressional/docview/t66.d71.dc105-11.2  |z Connect to the full text of this electronic document  |t 0 
999 f f |s 0e793cb8-a204-3150-a6ab-c16816afe87a  |i 9c492b6c-7b91-359e-9e65-28f24d6cfdd0  |t 0 
952 f f |a Texas A&M University  |b College Station  |c Electronic Resources  |d Available Online  |t 0  |h No information provided 
998 f f |t 0  |l Available Online